00528nam a2200193 a 4500001001300000003000900013005001700022008004100039020002300080082001500103100002400118245006000142260004200202300000900244500003500253505001000288650001200298700002400310nice12345678IN_TiNIC20260116013622.0050524s1995 dela grp 000 0 eng  a817024X c20000a954.6bWAN aWani, Gull Mohammad aKashmirb Need for Sub-Continental Political Initiative aDelhibAshish Publishing House c1995 a106p aincludes index and biblioraphy2 aIndex aKashmir1 aWani, Gull Mohammad